Sports Quiz

Random Sports or Baseball Quiz
Score 0/144 Timer 20:00
4 Plays Today
TOB Player % Correct
379Babe Ruth
97.8%
353Babe Ruth
97.8%
346Babe Ruth
97.8%
331Babe Ruth
97.8%
329Babe Ruth
97.8%
328Babe Ruth
97.7%
325Babe Ruth
97.7%
323Babe Ruth
97.7%
313Babe Ruth
97.7%
376Barry Bonds
96.7%
356Barry Bonds
96.7%
342Barry Bonds
96.7%
311Barry Bonds
96.7%
309Barry Bonds
96.7%
308Barry Bonds
96.7%
305Barry Bonds
96.7%
358Ted Williams
94.4%
345Ted Williams
94.4%
335Ted Williams
94.4%
335Ted Williams
94.4%
334Ted Williams
94.4%
317Ted Williams
94.4%
313Ted Williams
94.4%
303Bernie Williams
94.1%
342Lou Gehrig
91.2%
331Lou Gehrig
91.2%
330Lou Gehrig
91.2%
328Lou Gehrig
91.2%
324Lou Gehrig
91.2%
321Lou Gehrig
91.2%
319Lou Gehrig
91.2%
313Lou Gehrig
91.2%
309Lou Gehrig
91.2%
331Jeff Bagwell
88%
324Jeff Bagwell
88%
305Jeff Bagwell
88%
305Jeff Bagwell
88%
322Derek Jeter
87.8%
336Ty Cobb
87.7%
300Ty Cobb
87.7%
319Mickey Mantle
87.4%
302Mickey Mantle
87.4%
310Albert Pujols
87.2%
301Albert Pujols
87.2%
301Albert Pujols
87.2%
315Ichiro Suzuki
85.8%
309Craig Biggio
84.8%
323Todd Helton
84.3%
TOB Player % Correct
322Todd Helton
84.3%
320Todd Helton
84.3%
300Todd Helton
84.3%
317Frank Thomas
84%
312Frank Thomas
84%
308Frank Thomas
84%
301Alex Rodriguez
83.8%
316Joey Votto
83.5%
311Pete Rose
82.9%
310Pete Rose
82.9%
307Pete Rose
82.9%
305Pete Rose
82.9%
301Pete Rose
82.9%
319Joey Votto
82.5%
321Joey Votto
82.2%
300Mike Trout
81.9%
342Wade Boggs
81.4%
340Wade Boggs
81.4%
319Wade Boggs
81.4%
312Wade Boggs
81.4%
307Wade Boggs
81.4%
303Wade Boggs
81.4%
316Stan Musial
81.3%
312Stan Musial
81.3%
305Stan Musial
81.3%
304Stan Musial
81.3%
304Stan Musial
81.3%
302Stan Musial
81.3%
308Miguel Cabrera
81.2%
309Chipper Jones
79.9%
309Mike Trout
78.7%
311Sammy Sosa
78.7%
320Mark McGwire
78.1%
303Tony Gwynn
77.2%
301Bryce Harper
75.5%
320Jason Giambi
75.4%
316Jason Giambi
75.4%
300Jason Giambi
75.4%
300Larry Walker
74.4%
329Jimmie Foxx
73.9%
316Jimmie Foxx
73.9%
304Jimmie Foxx
73.9%
301Jimmie Foxx
73.9%
309Edgar Martinez
73.5%
306Edgar Martinez
73.5%
315Carl Yastrzemski
72.5%
312Luis Gonzalez
72.3%
301Rickey Henderson
71.3%
TOB Player % Correct
334Carlos Delgado
68.1%
300Carlos Delgado
68.1%
302Paul Goldschmidt
65.6%
303Harmon Killebrew
65.6%
309Lance Berkman
63%
311Rod Carew
60.7%
305Hank Greenberg
60.3%
318Rogers Hornsby
59.4%
317Rogers Hornsby
59.4%
316Rogers Hornsby
59.4%
302Rogers Hornsby
59.4%
314Hack Wilson
59.1%
315Gary Sheffield
53.5%
316Mo Vaughn
52.2%
321John Olerud
49.4%
309John Olerud
49.4%
303Ralph Kiner
48.9%
313Tony Phillips
48.7%
316Tris Speaker
48.5%
315Tris Speaker
48.5%
310Tris Speaker
48.5%
325Lenny Dykstra
48.4%
305Paul Waner
41.5%
300Paul Waner
41.5%
305Darin Erstad
40.1%
316Charlie Gehringer
38.3%
314Charlie Gehringer
38.3%
300Charlie Gehringer
38.3%
326Norm Cash
37.6%
316Richie Ashburn
35.5%
304Richie Ashburn
35.5%
305Bobby Abreu
34.5%
308Chuck Klein
34%
305George Sisler
33.3%
314Chuck Knoblauch
27.2%
312Bill Terry
20%
300Shin-Soo Choo
17.4%
313Arky Vaughan
16.7%
311Babe Herman
14.3%
310Kiki Cuyler
12.2%
334Lefty O'Doul
11.9%
318Eddie Yost
7.6%
300Joe Sewell
7.1%
314Eddie Stanky
6.6%
320Woody English
4.9%
315Buddy Myer
3.6%
309Lu Blue
3.6%
308Charlie Jamieson
3.5%

You're not logged in!

Compare scores with friends on all Sporcle quizzes.
OR
Log In

Sporcle TV

Today on Sporcle TV


Watch our educational content, quiz creation guides, and fun videos on Sporcle TV.

Show Comments

Extras

Top Quizzes Today


Score Distribution

Paid Content

Your Account Isn't Verified!

In order to create a playlist on Sporcle, you need to verify the email address you used during registration. Go to your Sporcle Settings to finish the process.

Report this User

Report this user for behavior that violates our Community Guidelines.

Details: